Normal view MARC view
  • Samuel Seely

Entry Personal Name

Number of records used in: 4

001 - CONTROL NUMBER

  • control field: 103366

003 - CONTROL NUMBER IDENTIFIER

  • control field: NUST

005 - DATE AND TIME OF LATEST TRANSACTION

  • control field: 20221122141723.0

008 - FIXED-LENGTH DATA ELEMENTS

  • fixed length control field: 221122|| aca||aabn | a|a d

040 ## - CATALOGING SOURCE

  • Original cataloging agency: NUST
  • Transcribing agency: NUST

100 ## - HEADING--PERSONAL NAME

  • Personal name: Samuel Seely

670 ## - SOURCE DATA FOUND

  • Source citation: Work cat.: (NUST)181603: Samuel Seely, Electronic Engineering /, 1956
© 2023 Central Library, National University of Sciences and Technology. All Rights Reserved.